| 000 | 00806nam a2200205Ia 4500 | ||
|---|---|---|---|
| 999 |
_c56147 _d56147 |
||
| 001 | 23248 | ||
| 003 | GE_BSU | ||
| 005 | 20251110154359.0 | ||
| 008 | 181216s1975||||ge |||||||||||||| ||geo|| | ||
| 040 | _cGE_BSU | ||
| 041 | _ageo | ||
| 080 | _a94(100)"15/18"(075.8) ა-96 | ||
| 245 |
_aახალი ისტორია. წ. 2 : მეორე პერიოდი 1900-1918 / _cრედ. გ. ჟორდანია. |
||
| 264 |
_aთბილისი : _bთბილ. უნ-ტის გამ-ბა, _c1975. |
||
| 300 |
_a583 გვ. ; _c23 სმ. |
||
| 541 | _h3ლ. 46თ. | ||
| 653 | _aახალი ისტორია. წ. 2 : მეორე პერიოდი 1900-1918 | ||
| 700 |
_aჟორდანია, გ. _eრედაქტორი _94668 |
||
| 942 |
_cBK _2udc |
||